00478nam a2200193Ia 4500003000900000008004100009040001300050040001300063041000800076100002300084245006900107250002200176260002100198260000900219300001100228300001200239490002700251490000600278IT-RoPAU120407s9999 xx 000 0 und d aIT-RoPAU cIT-RoPAU aita aGiovanni De Matteo aVita e rischio di un magistrato . Da piazzale Loreto a Via Fani  aCinisello Balsamo aEdizioni Paoline c1993 a311 p. c21,5 cm a Attualità e storia  v4